Building community : New apartment architecture /

Gespeichert in:
Bibliographische Detailangaben
1. Verfasser: Webb, Michael (Verfasst von)
Format: Buch
Sprache:Englisch
Veröffentlicht: London : Thames & Hudson, 2017
Ausgabe:1. vydanie
Schlagworte:
Tags: Tag hinzufügen
Keine Tags, Fügen Sie das erste Tag hinzu!

MARC

LEADER 00000nam a22000003a 4500
001 0023532
003 SK-STU
005 20170511132027.0
007 ta
008 170425s ----xo-----e------000-0-----d
020 |a 978-0-500-34330-2 
040 |a STU  |b slo 
041 0 |a eng 
044 |a xxk 
100 1 |a Webb, Michael  |4 aut  |r Z6 
245 1 0 |a Building community :  |b New apartment architecture /  |c aut. Michael Webb 
250 |a 1. vydanie 
260 |a London :  |b Thames & Hudson,  |c 2017 
300 |a 256 s. 
650 0 7 |a typológia budov 
650 0 7 |a obytné budovy 
650 0 7 |a bytové domy 
650 0 7 |a mestské bývanie 
650 0 7 |a skyscrapers 
650 0 7 |a mrakodrap 
650 0 7 |a výškové budovy 
650 0 7 |a green architecture 
650 0 7 |a zelená architektúra 
650 0 7 |a komunitné bývanie 
996 |b 284AU06988  |c A* 10122/U  |l AAKNST  |s P  |a 0  |w 0023532_0001